Score 0/18 Timer 08:00
9 Plays Today
% Correct
The Simpsons
99.6%
South Park
94.6%
The Big Bang Theory
93.6%
Orange Is the New Black
89.1%
The Golden Girls
86.9%
That '70s Show
86.1%
Futurama
83.5%
The Office
83%
Modern Family
81%
% Correct
SpongeBob SquarePants
78.9%
Roseanne
76.3%
Saved by the Bell
76.1%
Parks and Recreation
71.4%
Glee
68.2%
Arrested Development
61.1%
30 Rock
48%
Smallville
45.6%
Gossip Girl
37.5%
Remove Ads.
Support Sporcle.
Get the best of Sporcle when you Go Orange. This ad-free experience offers more features, more stats, and more fun while also helping to support Sporcle. Thank you for becoming a member.

You're not logged in!

Compare scores with friends on all Sporcle quizzes.
OR
Log In

Show Comments

Extras

Top Quizzes Today


Score Distribution

Your Account Isn't Verified!

In order to create a playlist on Sporcle, you need to verify the email address you used during registration. Go to your Sporcle Settings to finish the process.

Report this User

Report this user for behavior that violates our Community Guidelines.

Details: